000 00498nam a2200193Ia 4500
003 GCL
008 140319s9999 xx 000 0 ara d
040 _aGCL /
_cGCL
082 0 4 _aط
_b507
_bو س
100 1 _aوفاء اشرف
245 1 0 _aالسفن /
_cوفاء اشرف
700 1 _aعادل البطراوى
300 _a16 ص
490 _aرحلة فى عالم
_v0
650 0 4 _aالاطفال
650 0 4 _aالسفن
650 0 4 _aالاطفال - تعليم
942 _2ddc
_cBK
999 _c51257
_d51257